Human anatomy and physiology / (Record no. 12248)

MARC details
000 -LEADER
fixed length control field 00663cam a22002172 4500
001 - CONTROL NUMBER
control field 0000024870
005 - DATE AND TIME OF LATEST TRANSACTION
control field 20151217155237.0
008 - FIXED-LENGTH DATA ELEMENTS--GENERAL INFORMATION
fixed length control field 140320s xx 000 0 eng d
020 ## - INTERNATIONAL STANDARD BOOK NUMBER
International Standard Book Number 0321602617 :
040 ## - CATALOGING SOURCE
Original cataloging agency KABU
Transcribing agency KABU
100 1# - MAIN ENTRY--PERSONAL NAME
Personal name Marieb, Elaine N.
-- 0000185121
245 10 - TITLE STATEMENT
Title Human anatomy and physiology /
Statement of responsibility, etc. Elaine N. Marieb and Katja Hoehn.
250 ## - EDITION STATEMENT
Edition statement 8th ed.
260 ## - PUBLICATION, DISTRIBUTION, ETC. (IMPRINT)
Place of publication, distribution, etc. New York :
Name of publisher, distributor, etc. Benjamin Cumming,
Date of publication, distribution, etc. 2010.
300 ## - PHYSICAL DESCRIPTION
Extent 1 v. (various pagings).
650 #0 - SUBJECT ADDED ENTRY--TOPICAL TERM
Topical term or geographic name as entry element Human physiology.
-- 0000155597
650 #0 - SUBJECT ADDED ENTRY--TOPICAL TERM
Topical term or geographic name as entry element Human anatomy.
-- 0000155598
852 1# - LOCATION
-- p7420 KES
908 ## - PUT COMMAND PARAMETER (RLIN)
Put command parameter 140320
950 ## - LOCAL HOLDINGS (RLIN)
-- 1
Holdings
Withdrawn status Lost status Source of classification or shelving scheme Damaged status Not for loan Home library Current library Date acquired Total Checkouts Total Renewals Full call number Barcode Date last seen Date last checked out Price effective from Koha item type Cost, normal purchase price
  Lost Library of Congress Classification     Kabarak, Main Campus Kabarak, Main Campus 17/12/2015 2 1 QP34.5 .M37 2010 c. 1 017855 17/03/2016 17/03/2016 17/12/2015 General Collection  
    Library of Congress Classification     Kabarak, Main Campus Kabarak, Main Campus 17/12/2015 29 3 QP34.5 .M37 2010 c. 2 022997 12/06/2025 11/06/2025 17/12/2015 General Collection 10775.00
    Library of Congress Classification     Kabarak, Main Campus Kabarak, Main Campus 17/12/2015 17 4 QP34.5 .M37 2010 c. 3 022999 12/02/2026 27/01/2026 17/12/2015 General Collection 10775.00
Designed with assistance from East African Informatics Ltd